000 00267nam a22001217a 4500
008 181105b xxu||||| |||| 00| 0 eng d
041 _aeng
080 _26 th
_a030
100 _a24
101 _aenc
245 _aScientific Encyclopedia
_cVan.C
942 _2udc
_cBK
999 _c51818
_d51818